[Event "RUS-ch Boys U21 2021"]
[Site "Loo"]
[Date "2021.04.26"]
[Round "6.10"]
[White "Koliev, Irlan"]
[Black "Marchenko, Nikolay"]
[Result "1/2-1/2"]
[WhiteElo "2023"]
[BlackElo "2062"]
[Annotator "NA"]
[PlyCount "153"]
[EventDate "2021.04.21"]
[EventType "swiss"]
[EventCountry "RUS"]
[SourceTitle "playchess.com"]
[Source "ChessBase"]
[SourceQuality "1"]
[TimeControl "40/5400+30:1800+30"]

1. d4 {[%emt 0:00:00]} d5 {[%emt 0:00:00]} 2. c4 {[%emt 0:00:00]} e6 {[%emt 0:00:00]} 3. g3 {[%emt 0:00:00]} c5 {[%emt 0:00:00]} 4. Nf3 {[%emt 0:00:00]} Nc6 {[%emt 0:00:33]} 5. Bg2 {[%emt 0:00:16]} Nf6 {[%emt 0:01:11]} 6. cxd5 {[%emt 0:00:08]} exd5 {[%emt 0:00:04]} 7. O-O {[%emt 0:00:05]} cxd4 {[%emt 0:00:40]} 8. Nxd4 {[%emt 0:00:14]} Bc5 {[%emt 0:11:29]} 9. Nxc6 {[%emt 0:00:06]} bxc6 {[%emt 0:00:05]} 10. Qc2 {[%emt 0:00:05]} Bb6 {[%emt 0:09:25]} 11. Qxc6+ {[%emt 0:01:38]} Bd7 {[%emt 0:00:03]} 12. Qd6 {[%emt 0:00:12]} Bc7 {[%emt 0:02:51]} 13. Qa3 {[%emt 0:01:34]} h5 {[%emt 0:05:47]} 14. Bg5 {[%emt 0:00:45]} h4 {[%emt 0:24:56]} 15. Nc3 {[%emt 0:02:58]} hxg3 {[%emt 0:04:36]} 16. hxg3 {[%emt 0:00:06]} Be6 {[%emt 0:00:58]} 17. Rfd1 {[%emt 0:05:59]} Bb6 {[%emt 0:13:01]} 18. Nxd5 {[%emt 0:05:08]} Bxd5 {[%emt 0:07:03]} 19. Rxd5 {[%emt 0:00:09]} Nxd5 {[%emt 0:01:55]} 20. Bxd8 {[%emt 0:00:14]} Rxd8 {[%emt 0:00:03]} 21. Rd1 {[%emt 0:02:01]} Rh5 {[%emt 0:01:17]} 22. Bf3 {[%emt 0:03:19]} Rg5 {[%emt 0:00:26]} 23. Qa4+ {[%emt 0:01:13]} Kf8 {[%emt 0:00:15]} 24. Qb5 {[%emt 0:01:18]} a6 {[%emt 0:04:49]} 25. Qc6 {[%emt 0:02:25]} Rxg3+ {[%emt 0:00:11]} 26. Kh2 {[%emt 0:00:20]} Rg6 {[%emt 0:00:06]} 27. Qc4 {[%emt 0:04:00]} Bc7+ {[%emt 0:04:49]} 28. Qxc7 {[%emt 0:03:55]} Nxc7 {[%emt 0:00:07]} 29. Rxd8+ {[%emt 0:00:03]} Ke7 {[%emt 0:00:05]} 30. Rb8 {[%emt 0:01:45]} Rg5 {[%emt 0:02:48]} 31. Be4 {[%emt 0:02:49]} a5 {[%emt 0:01:29]} 32. a4 {[%emt 0:00:59]} Rc5 {[%emt 0:01:56]} 33. f3 {[%emt 0:00:46]} f5 {[%emt 0:02:46]} 34. Bd3 {[%emt 0:00:09]} f4 {[%emt 0:00:04]} 35. Kh3 {[%emt 0:00:36]} Rg5 {[%emt 0:00:37]} 36. Rb7 {[%emt 0:00:49]} Kd6 {[%emt 0:00:29]} 37. Kh4 {[%emt 0:00:20]} Rg2 {[%emt 0:00:30]} 38. Ra7 {[%emt 0:01:19]} Ne6 {[%emt 0:01:01]} 39. Rxa5 {[%emt 0:00:21]} g5+ {[%emt 0:00:25]} 40. Kh5 {[%emt 0:00:00]} g4 {[%emt 0:00:00]} 41. Ra6+ {[%emt 0:02:05]} Ke7 {[%emt 0:01:27]} 42. Rxe6+ {[%emt 0:00:37]} Kxe6 {[%emt 0:00:08]} 43. fxg4 {[%emt 0:00:02]} Kf6 {[%emt 0:01:11]} 44. g5+ {[%emt 0:00:25]} Rxg5+ {[%emt 0:00:05]} 45. Kh4 {[%emt 0:00:03]} Ra5 {[%emt 0:03:49]} 46. Bb5 {[%emt 0:00:26]} Ra8 {[%emt 0:04:31]} 47. Kg4 {[%emt 0:00:56]} Ke5 {[%emt 0:00:04]} 48. Kf3 {[%emt 0:00:06]} Rb8 {[%emt 0:04:10]} 49. b3 {[%emt 0:01:13]} Rb7 {[%emt 0:01:47]} 50. Bc4 {[%emt 0:00:08]} Ra7 {[%emt 0:00:18]} 51. Kg4 {[%emt 0:01:45]} Ke4 {[%emt 0:04:37]} 52. Kg5 {[%emt 0:01:16]} Ra8 {[%emt 0:06:33]} 53. Kf6 {[%emt 0:00:10]} Ke3 {[%emt 0:01:36]} 54. Ke5 {[%emt 0:00:13]} Rc8 {[%emt 0:00:12]} 55. Bb5 {[%emt 0:02:00]} Rc5+ {[%emt 0:03:25]} 56. Kd6 {[%emt 0:00:31]} Rc3 {[%emt 0:00:21]} 57. b4 {[%emt 0:02:16]} Rb3 {[%emt 0:00:19]} 58. Kc5 {[%emt 0:00:25]} Rc3+ {[%emt 0:00:19]} 59. Kb6 {[%emt 0:00:26]} Rb3 {[%emt 0:00:12]} 60. a5 {[%emt 0:02:11]} Rxb4 {[%emt 0:00:07]} 61. a6 {[%emt 0:00:02]} Rxb5+ 62. Kxb5 {[%emt 0:00:03]} Kxe2 {[%emt 0:00:52]} 63. a7 {[%emt 0:00:02]} f3 {[%emt 0:00:05]} 64. a8=Q {[%emt 0:00:10]} f2 {[%emt 0:00:01]} 65. Qe4+ {[%emt 0:00:07]} Kd1 {[%emt 0:00:26]} 66. Qd3+ {[%emt 0:00:55]} Ke1 {[%emt 0:00:04]} 67. Qe3+ {[%emt 0:00:04]} Kf1 {[%emt 0:00:03]} 68. Kc4 {[%emt 0:01:01]} Kg2 {[%emt 0:00:06]} 69. Qe2 {[%emt 0:00:34]} Kg1 {[%emt 0:00:07]} 70. Qg4+ {[%emt 0:00:08]} Kh2 {[%emt 0:00:07]} 71. Qh4+ {[%emt 0:00:10]} Kg2 {[%emt 0:00:04]} 72. Qg4+ {[%emt 0:00:05]} Kh2 {[%emt 0:00:03]} 73. Qf4+ {[%emt 0:00:09]} Kg2 {[%emt 0:00:04]} 74. Qg4+ {[%emt 0:00:12]} Kh2 {[%emt 0:00:05]} 75. Qf3 {[%emt 0:00:04]} Kg1 {[%emt 0:00:04]} 76. Qg3+ {[%emt 0:00:06]} Kh1 {[%emt 0:00:03]} 77. Qxf2 {[%emt 0:01:05]} 1/2-1/2

[Event "RUS-ch Boys U21 2021"]
[Site "Loo"]
[Date "2021.04.26"]
[Round "6.11"]
[White "Babanin, Gleb"]
[Black "Sidorov, Dmitry I"]
[Result "1/2-1/2"]
[WhiteElo "2123"]
[BlackElo "2139"]
[Annotator "NA"]
[PlyCount "83"]
[EventDate "2021.04.21"]
[EventType "swiss"]
[EventCountry "RUS"]
[SourceTitle "playchess.com"]
[Source "ChessBase"]
[SourceQuality "1"]
[TimeControl "40/5400+30:1800+30"]

1. d4 {[%emt 0:01:51]} Nf6 {[%emt 0:00:00]} 2. c4 {[%emt 0:00:04]} d6 {[%emt 0:00:00]} 3. Nc3 {[%emt 0:00:04]} Bf5 {[%emt 0:00:00]} 4. f3 {[%emt 0:01:23]} e5 {[%emt 0:00:00]} 5. e4 {[%emt 0:00:12]} exd4 {[%emt 0:00:00]} 6. Qxd4 {[%emt 0:00:41]} Be6 {[%emt 0:00:14]} 7. Be3 {[%emt 0:01:49]} g6 {[%emt 0:01:09]} 8. Qd2 {[%emt 0:02:51]} Bg7 {[%emt 0:00:04]} 9. b3 {[%emt 0:00:40]} O-O {[%emt 0:00:20]} 10. Nge2 {[%emt 0:00:10]} c6 {[%emt 0:07:03]} 11. Nd4 {[%emt 0:07:49]} d5 {[%emt 0:00:36]} 12. e5 {[%emt 0:01:54]} Ne8 {[%emt 0:03:50]} 13. f4 {[%emt 0:01:55]} Nc7 {[%emt 0:00:03]} 14. Nxe6 {[%emt 0:02:09]} fxe6 {[%emt 0:00:01]} 15. h4 {[%emt 0:02:49]} Nd7 {[%emt 0:00:34]} 16. O-O-O {[%emt 0:01:58]} a5 {[%emt 0:00:52]} 17. h5 {[%emt 0:07:03]} a4 {[%emt 0:01:32]} 18. hxg6 {[%emt 0:00:12]} hxg6 {[%emt 0:02:32]} 19. Bd3 {[%emt 0:01:54]} axb3 {[%emt 0:00:15]} 20. axb3 {[%emt 0:00:04]} Qe7 {[%emt 0:00:43]} 21. Bxg6 {[%emt 0:02:28]} Rfd8 {[%emt 0:04:20]} 22. cxd5 {[%emt 0:13:59]} Nxd5 {[%emt 0:02:33]} 23. Nxd5 {[%emt 0:00:20]} cxd5 {[%emt 0:01:16]} 24. Qb2 {[%emt 0:13:09]} Ra3 {[%emt 0:02:02]} 25. Kb1 {[%emt 0:07:13]} Rda8 {[%emt 0:07:13]} 26. Bd4 {[%emt 0:00:42]} Qb4 {[%emt 0:03:49]} 27. Rh3 {[%emt 0:01:11]} Nc5 {[%emt 0:03:04]} 28. Bh7+ {[%emt 0:03:45]} Kf7 {[%emt 0:05:23]} 29. Bc2 {[%emt 0:00:13]} Nd7 {[%emt 0:10:25]} 30. f5 {[%emt 0:04:15]} Nb6 {[%emt 0:02:46]} 31. Qc3 {[%emt 0:07:08]} Ra1+ {[%emt 0:03:59]} 32. Qxa1 {[%emt 0:00:08]} Rxa1+ {[%emt 0:00:02]} 33. Kxa1 {[%emt 0:00:11]} exf5 {[%emt 0:01:02]} 34. Bxf5 {[%emt 0:01:50]} Nc4 {[%emt 0:02:29]} 35. bxc4 {[%emt 0:05:39]} Qa4+ {[%emt 0:00:40]} 36. Kb2 {[%emt 0:00:03]} Qxd1 {[%emt 0:01:52]} 37. e6+ {[%emt 0:00:03]} Kf8 {[%emt 0:02:40]} 38. e7+ {[%emt 0:00:12]} Kxe7 {[%emt 0:00:18]} 39. Bxg7 {[%emt 0:00:04]} Qe2+ {[%emt 0:00:53]} 40. Bc2 {[%emt 0:00:00]} Qxg2 {[%emt 0:00:00]} 41. Re3+ {[%emt 0:02:09]} Kd7 {[%emt 0:03:52]} 42. Bd4 1/2-1/2

[Event "RUS-ch Boys U21 2021"]
[Site "Loo"]
[Date "2021.04.26"]
[Round "6.12"]
[White "Shpakov, Vladimir"]
[Black "Kyshtymov, Daniil"]
[Result "0-1"]
[WhiteElo "1871"]
[BlackElo "2137"]
[Annotator "NA"]
[PlyCount "60"]
[EventDate "2021.04.21"]
[EventType "swiss"]
[EventCountry "RUS"]
[SourceTitle "playchess.com"]
[Source "ChessBase"]
[SourceQuality "1"]
[TimeControl "40/5400+30:1800+30"]

1. d4 {[%emt 0:00:00]} Nf6 {[%emt 0:03:09]} 2. c4 {[%emt 0:00:00]} g6 {[%emt 0:00:07]} 3. Nc3 {[%emt 0:00:00]} Bg7 {[%emt 0:00:08]} 4. Nf3 {[%emt 0:00:00]} O-O {[%emt 0:00:11]} 5. e4 {[%emt 0:00:56]} d6 {[%emt 0:00:28]} 6. Bd3 {[%emt 0:00:15]} Nbd7 {[%emt 0:10:32]} 7. O-O {[%emt 0:01:18]} e5 {[%emt 0:00:18]} 8. d5 {[%emt 0:00:33]} a5 {[%emt 0:01:58]} 9. Ne1 {[%emt 0:06:59]} Nc5 {[%emt 0:09:14]} 10. f4 {[%emt 0:03:42]} exf4 {[%emt 0:03:57]} 11. Bxf4 {[%emt 0:00:42]} Ng4 {[%emt 0:08:16]} 12. Bc2 {[%emt 0:11:17]} a4 {[%emt 0:12:13]} 13. a3 {[%emt 0:02:06]} Ne5 {[%emt 0:11:05]} 14. Bxe5 {[%emt 0:02:58]} Bxe5 {[%emt 0:00:08]} 15. Nf3 {[%emt 0:00:33]} Bg7 {[%emt 0:00:56]} 16. h3 {[%emt 0:08:53]} Bd7 {[%emt 0:00:52]} 17. Qd2 {[%emt 0:10:07]} Qb8 {[%emt 0:03:54]} 18. Nd4 {[%emt 0:10:52]} Qa7 {[%emt 0:02:06]} 19. Rad1 {[%emt 0:01:26]} Qb6 {[%emt 0:03:31]} 20. Nce2 {[%emt 0:05:46]} Rfe8 {[%emt 0:06:24]} 21. Qf4 {[%emt 0:16:10]} Re7 {[%emt 0:00:53]} 22. Kh1 {[%emt 0:01:00]} Qxb2 {[%emt 0:01:18]} 23. Rf3 {[%emt 0:13:02]} Rae8 {[%emt 0:01:42]} 24. h4 {[%emt 0:01:35]} h5 {[%emt 0:01:03]} 25. Bb1 {[%emt 0:01:31]} Bg4 {[%emt 0:00:29]} 26. Rf2 {[%emt 0:00:06]} Qxa3 {[%emt 0:01:58]} 27. Rdf1 {[%emt 0:00:14]} Nd3 {[%emt 0:00:48]} 28. Bxd3 {[%emt 0:00:32]} Qxd3 {[%emt 0:00:01]} 29. Qg5 {[%emt 0:01:18]} Qxe4 {[%emt 0:01:56]} 30. Rf4 {[%emt 0:00:26]} Qe5 {[%emt 0:00:31]} 0-1

[Event "RUS-ch Boys U21 2021"]
[Site "Loo"]
[Date "2021.04.27"]
[Round "7.1"]
[White "Murzin, Volodar"]
[Black "Dudin, Gleb"]
[Result "1/2-1/2"]
[WhiteElo "2478"]
[BlackElo "2418"]
[Annotator "ChessBase"]
[PlyCount "93"]
[EventDate "2021.04.21"]
[EventType "swiss"]
[EventCountry "RUS"]
[SourceTitle "playchess.com"]
[Source "ChessBase"]
[SourceQuality "1"]
[TimeControl "40/5400+30:1800+30"]

1. e4 {[%emt 0:00:15]} e5 {[%emt 0:00:13]} 2. Nf3 {[%emt 0:00:05]} Nc6 {[%emt 0:00:07]} 3. Bb5 {[%emt 0:00:04]} a6 {[%emt 0:00:09]} 4. Ba4 {[%emt 0:00:05]} Nf6 {[%emt 0:00:10]} 5. O-O {[%emt 0:00:23]} b5 {[%emt 0:00:05]} 6. Bb3 {[%emt 0:00:04]} Bb7 {[%emt 0:00:08]} 7. d3 {[%emt 0:14:22]} Be7 {[%emt 0:00:52]} 8. Nc3 {[%emt 0:00:34]} O-O {[%emt 0:00:10]} 9. a3 {[%emt 0:05:17]} Nd4 {[%emt 0:00:37]} 10. Ba2 {[%emt 0:04:56]} Nxf3+ {[%emt 0:00:13]} 11. Qxf3 {[%emt 0:00:00]} d6 {[%emt 0:07:14]} 12. Be3 {[%emt 0:11:15]} Kh8 {[%emt 0:18:48]} 13. Rad1 {[%emt 0:07:59]} Qd7 {[%emt 0:20:32]} 14. d4 {[%emt 0:06:49]} exd4 {[%emt 0:07:57]} 15. Bxd4 {[%emt 0:00:19]} Rae8 {[%emt 0:00:26]} 16. Nd5 {[%emt 0:18:19]} Nxd5 {[%emt 0:14:57]} 17. Bxd5 {[%emt 0:01:28]} Bxd5 {[%emt 0:00:25]} 18. exd5 {[%emt 0:00:07]} f5 {[%emt 0:05:51]} 19. Rfe1 {[%emt 0:02:18]} Bf6 {[%emt 0:01:07]} 20. Bxf6 {[%emt 0:00:22]} Rxf6 {[%emt 0:00:56]} 21. Rxe8+ {[%emt 0:02:15]} Qxe8 {[%emt 0:00:11]} 22. Kf1 {[%emt 0:00:27]} h6 {[%emt 0:03:57]} 23. Re1 {[%emt 0:00:15]} Qf7 {[%emt 0:00:48]} 24. g3 {[%emt 0:06:42]} f4 {[%emt 0:05:26]} 25. g4 {[%emt 0:00:08]} Qg6 {[%emt 0:02:31]} 26. Re4 {[%emt 0:04:57]} Rf8 {[%emt 0:03:49]} 27. h3 {[%emt 0:02:25]} Qf6 {[%emt 0:01:05]} 28. c3 {[%emt 0:00:21]} Qg5 {[%emt 0:01:33]} 29. Re6 {[%emt 0:00:44]} Kg8 {[%emt 0:00:32]} 30. Ke1 {[%emt 0:04:07]} h5 {[%emt 0:01:58]} 31. Kf1 {[%emt 0:01:36]} hxg4 {[%emt 0:00:16]} 32. hxg4 {[%emt 0:00:00]} Rb8 {[%emt 0:01:36]} 33. Ke2 {[%emt 0:03:38]} Rf8 {[%emt 0:00:09]} 34. Kd3 {[%emt 0:00:34]} Qh4 {[%emt 0:01:38]} 35. Kc2 {[%emt 0:00:49]} Qg5 {[%emt 0:00:24]} 36. Kb3 {[%emt 0:01:01]} a5 {[%emt 0:00:37]} 37. Ka2 {[%emt 0:00:27]} Ra8 {[%emt 0:00:29]} 38. Kb1 {[%emt 0:01:27]} b4 {[%emt 0:00:30]} 39. Kc2 {[%emt 0:01:15]} bxa3 {[%emt 0:00:25]} 40. bxa3 {[%emt 0:00:00]} Rb8 {[%emt 0:00:00]} 41. c4 {[%emt 0:05:36]} Qd8 {[%emt 0:22:02]} 42. Qc3 {[%emt 0:05:28]} Qh4 {[%emt 0:04:43]} 43. Qf3 {[%emt 0:00:48]} Qd8 {[%emt 0:02:24]} 44. Qc3 {[%emt 0:00:47]} Qh4 {[%emt 0:01:27]} 45. Qf3 Qd8 46. Qc3 c6 47. Rg6 1/2-1/2

[Event "RUS-ch Boys U21 2021"]
[Site "Loo"]
[Date "2021.04.27"]
[Round "7.2"]
[White "Tsvetkov, Andrey"]
[Black "Golikov, Daniil"]
[Result "0-1"]
[WhiteElo "2404"]
[BlackElo "2250"]
[Annotator "NA"]
[PlyCount "56"]
[EventDate "2021.04.21"]
[EventType "swiss"]
[EventCountry "RUS"]
[SourceTitle "playchess.com"]
[Source "ChessBase"]
[SourceQuality "1"]
[TimeControl "40/5400+30:1800+30"]

1. d4 {[%emt 0:00:00]} Nf6 {[%emt 0:00:29]} 2. c4 {[%emt 0:00:00]} e6 {[%emt 0:00:04]} 3. Nc3 {[%emt 0:00:00]} Bb4 {[%emt 0:00:04]} 4. e3 {[%emt 0:00:02]} O-O {[%emt 0:01:51]} 5. Bd2 {[%emt 0:00:04]} d5 {[%emt 0:00:20]} 6. Nf3 {[%emt 0:00:20]} b6 {[%emt 0:00:34]} 7. cxd5 {[%emt 0:00:26]} exd5 {[%emt 0:00:05]} 8. Rc1 {[%emt 0:00:03]} Bb7 {[%emt 0:01:50]} 9. Bd3 {[%emt 0:01:44]} a6 {[%emt 0:01:20]} 10. Ne5 {[%emt 0:00:49]} Nbd7 {[%emt 0:00:19]} 11. O-O {[%emt 0:00:19]} Nxe5 {[%emt 0:00:16]} 12. dxe5 {[%emt 0:00:02]} Nd7 {[%emt 0:00:08]} 13. f4 {[%emt 0:00:04]} Nc5 {[%emt 0:00:04]} 14. Bxh7+ {[%emt 0:00:08]} Kxh7 {[%emt 0:00:04]} 15. Qh5+ {[%emt 0:00:03]} Kg8 {[%emt 0:00:06]} 16. Rf3 {[%emt 0:00:01]} f6 {[%emt 0:00:08]} 17. Rh3 {[%emt 0:01:52]} fxe5 {[%emt 0:00:24]} 18. fxe5 {[%emt 0:01:27]} Ne6 {[%emt 0:00:06]} 19. Qh7+ {[%emt 0:30:41]} Kf7 {[%emt 0:00:13]} 20. Rh6 {[%emt 0:00:05]} Qg5 {[%emt 0:26:27]} 21. Rf1+ {[%emt 0:38:21]} Ke7 {[%emt 0:02:25]} 22. Rff6 {[%emt 0:00:14]} Rh8 {[%emt 0:14:31]} 23. Rxe6+ {[%emt 0:10:55]} Kd7 {[%emt 0:00:42]} 24. Qg6 {[%emt 0:00:11]} gxh6 {[%emt 0:01:24]} 25. Qf7+ {[%emt 0:00:19]} Kc8 {[%emt 0:06:03]} 26. e4 {[%emt 0:11:21]} Qd8 {[%emt 0:09:13]} 27. exd5 {[%emt 0:01:36]} Bxc3 {[%emt 0:02:23]} 28. d6 {[%emt 0:00:36]} Bd4+ {[%emt 0:00:16]} 0-1

[Event "RUS-ch Boys U21 2021"]
[Site "Loo"]
[Date "2021.04.27"]
[Round "7.3"]
[White "Nesterov, Arseniy"]
[Black "Pavlov, Danila"]
[Result "1/2-1/2"]
[WhiteElo "2482"]
[BlackElo "2360"]
[Annotator "ChessBase"]
[PlyCount "127"]
[EventDate "2021.04.21"]
[EventType "swiss"]
[EventCountry "RUS"]
[SourceTitle "playchess.com"]
[Source "ChessBase"]
[SourceQuality "1"]
[TimeControl "40/5400+30:1800+30"]

1. d4 {[%emt 0:00:00]} Nf6 {[%emt 0:00:00]} 2. c4 {[%emt 0:00:00]} g6 {[%emt 0:00:00]} 3. Nc3 {[%emt 0:00:00]} Bg7 {[%emt 0:00:00]} 4. e4 {[%emt 0:00:00]} d6 {[%emt 0:00:00]} 5. Be2 {[%emt 0:00:00]} O-O {[%emt 0:00:00]} 6. Be3 {[%emt 0:00:00]} e5 {[%emt 0:00:19]} 7. d5 {[%emt 0:00:00]} Na6 {[%emt 0:00:25]} 8. g4 {[%emt 0:00:00]} Nc5 {[%emt 0:00:04]} 9. f3 {[%emt 0:00:03]} a5 {[%emt 0:00:04]} 10. h4 {[%emt 0:00:21]} h5 {[%emt 0:00:05]} 11. g5 {[%emt 0:00:10]} Nh7 {[%emt 0:00:05]} 12. Qd2 {[%emt 0:00:13]} f6 {[%emt 0:00:05]} 13. gxf6 {[%emt 0:00:50]} Bxf6 {[%emt 0:00:05]} 14. O-O-O {[%emt 0:01:44]} Bxh4 {[%emt 0:00:14]} 15. Nh3 {[%emt 0:00:35]} Kh8 {[%emt 0:00:04]} 16. Rdg1 {[%emt 0:03:41]} Bxh3 {[%emt 0:00:07]} 17. Rxh3 {[%emt 0:03:42]} Rg8 {[%emt 0:00:05]} 18. f4 {[%emt 0:13:43]} exf4 {[%emt 0:04:31]} 19. Bxf4 {[%emt 0:00:18]} Bf6 {[%emt 0:03:15]} 20. Rhg3 {[%emt 0:02:21]} g5 {[%emt 0:47:13]} 21. Bxh5 {[%emt 0:14:51]} gxf4 {[%emt 0:00:14]} 22. Rxg8+ {[%emt 0:00:03]} Qxg8 {[%emt 0:00:02]} 23. Rxg8+ {[%emt 0:00:06]} Rxg8 {[%emt 0:00:03]} 24. Kc2 {[%emt 0:00:26]} Be5 {[%emt 0:02:19]} 25. Qf2 {[%emt 0:02:58]} Rg3 {[%emt 0:24:33]} 26. Ne2 {[%emt 0:01:49]} Nxe4 {[%emt 0:11:03]} 27. Qf1 {[%emt 0:05:19]} Rg7 {[%emt 0:04:46]} 28. Bf3 {[%emt 0:02:29]} Ng3 {[%emt 0:03:27]} 29. Qh3 {[%emt 0:00:46]} Nxe2 {[%emt 0:00:09]} 30. Bxe2 {[%emt 0:00:00]} Re7 {[%emt 0:01:03]} 31. Bd3 {[%emt 0:00:35]} Kg8 {[%emt 0:00:23]} 32. Qg4+ {[%emt 0:02:16]} Kf8 {[%emt 0:00:24]} 33. Qc8+ {[%emt 0:00:55]} Kg7 {[%emt 0:00:08]} 34. Qxb7 {[%emt 0:00:49]} Rf7 {[%emt 0:01:12]} 35. Qc8 {[%emt 0:00:08]} Nf6 {[%emt 0:00:26]} 36. Qh3 {[%emt 0:01:26]} Ng8 {[%emt 0:00:34]} 37. Be4 {[%emt 0:00:35]} Nf6 {[%emt 0:00:13]} 38. Bf3 {[%emt 0:00:32]} Nd7 {[%emt 0:00:41]} 39. Bh5 {[%emt 0:01:25]} Re7 {[%emt 0:00:01]} 40. Qf5 {[%emt 0:00:00]} Nf6 {[%emt 0:00:00]} 41. Bf3 {[%emt 0:00:17]} Re8 {[%emt 0:02:52]} 42. b3 {[%emt 0:03:35]} Rh8 {[%emt 0:03:21]} 43. Kd3 {[%emt 0:00:21]} Rh2 {[%emt 0:01:50]} 44. Qc8 {[%emt 0:01:19]} Rxa2 {[%emt 0:04:09]} 45. Qxc7+ {[%emt 0:03:04]} Kg6 {[%emt 0:00:21]} 46. c5 {[%emt 0:06:52]} Rb2 {[%emt 0:01:31]} 47. c6 {[%emt 0:01:32]} Rxb3+ {[%emt 0:00:32]} 48. Ke2 {[%emt 0:00:04]} Rb2+ {[%emt 0:04:46]} 49. Kd1 {[%emt 0:02:25]} Rb3 {[%emt 0:00:13]} 50. Qxa5 {[%emt 0:07:42]} Rxf3 {[%emt 0:00:13]} 51. c7 {[%emt 0:00:05]} Rd3+ {[%emt 0:00:18]} 52. Ke2 {[%emt 0:00:08]} Re3+ {[%emt 0:00:41]} 53. Kd1 {[%emt 0:03:40]} Rd3+ {[%emt 0:06:50]} 54. Kc2 {[%emt 0:00:50]} Rxd5 {[%emt 0:00:04]} 55. Qxd5 {[%emt 0:05:17]} Nxd5 {[%emt 0:00:11]} 56. c8=Q {[%emt 0:00:05]} Nf6 {[%emt 0:00:37]} 57. Kd3 {[%emt 0:00:21]} Nh7 {[%emt 0:03:54]} 58. Qg8+ {[%emt 0:00:12]} Kh6 {[%emt 0:00:30]} 59. Qe6+ {[%emt 0:00:46]} Kh5 {[%emt 0:01:53]} 60. Qh3+ {[%emt 0:00:54]} Kg6 {[%emt 0:00:02]} 61. Qh4 {[%emt 0:00:27]} Ng5 {[%emt 0:00:30]} 62. Ke2 {[%emt 0:00:09]} Kf5 {[%emt 0:00:20]} 63. Qh5 {[%emt 0:01:17]} Bd4 {[%emt 0:01:47]} 64. Kd3 {[%emt 0:00:35]} 1/2-1/2

[Event "RUS-ch Boys U21 2021"]
[Site "Loo"]
[Date "2021.04.27"]
[Round "7.4"]
[White "Stukan, Martin"]
[Black "Lobanov, Sergei"]
[Result "1/2-1/2"]
[WhiteElo "2390"]
[BlackElo "2520"]
[Annotator "TA"]
[PlyCount "81"]
[EventDate "2021.04.21"]
[EventType "swiss"]
[EventCountry "RUS"]
[SourceTitle "playchess.com"]
[Source "ChessBase"]
[SourceQuality "1"]

{[%evp 9,81,-7,27,18,18,0,20,-18,20,27,31,41,50,39,75,57,54,49,49,28,61,1,14,0,42,36,45,-9,-9,-13,0,0,0,-9,-11,-16,0,0,0,0,0,0,0,0,0,0,0,0,0,-2,18,8,37,0,0,0,0,0,0,0,0,0,0,0,0,0,0,0,0,0,0,0,0,0]} 1. c4 c6 2. Nf3 d5 3. d4 Nf6 4. g3 dxc4 5. Bg2 g6 6. O-O {D11: Slav Defence: 3 Nf3 sidelines and 3...Nf6 4 e3 Bg4.} Bg7 7. a4 Ne4 8. Nc3 Nxc3 (8... Nd6 {is interesting.} 9. e4 Bg4 10. Be3 Na6 11. h3 Bxf3 12. Bxf3 O-O) 9. bxc3 O-O 10. Ba3 {[%mdl 1024] White has compensation.} Nd7 {[%cal Bb8d7,Bd7b6,Bb6c8,Bc8d6][%mdl 32]} 11. Nd2 Nb6 {[#]} 12. e4 $146 ({Predecessor:} 12. a5 Nd5 13. Bb2 e5 14. Nxc4 exd4 15. cxd4 Be6 16. Qc1 Rc8 17. Rd1 Re8 18. e4 {1-0 (58) Lysyj,I (2594)-Tsvetkov,A (2358) Cheliabinsk 2020}) 12... Be6 13. Qc2 Nc8 14. Rab1 Rb8 15. Rfe1 ({White should play} 15. f4 $14) 15... b5 $11 16. Nf1 Qd7 17. Ne3 Nd6 18. d5 (18. axb5 $14 Rxb5 19. Rxb5 cxb5 20. Qa2) 18... cxd5 19. exd5 Bh3 20. Bxh3 Qxh3 21. axb5 Qd7 22. Bxd6 Qxd6 23. Qe4 Bxc3 24. Rec1 Qe5 25. Qxe5 Bxe5 26. Nxc4 Bc7 27. Re1 Rfe8 28. Ra1 Rxb5 29. Rxa7 Rc5 {[#]} 30. d6 $1 Bd8 31. Ra8 {And now dxe7 would win.} Rxc4 {The position is equal.} 32. dxe7 Rd4 33. exd8=Q Rexd8 34. Rxd8+ Rxd8 {[%mdl 4096] Endgame KR-KR} 35. Kg2 Kg7 36. Kg1 h5 37. h4 Rd6 38. Kg2 Rd2 39. Kg1 Ra2 40. Kg2 Rb2 41. Kg1 {Weighted Error Value: White=0.12/Black=0.08} 1/2-1/2

[Event "RUS-ch Boys U21 2021"]
[Site "Loo"]
[Date "2021.04.27"]
[Round "7.5"]
[White "Obgolts, Erik"]
[Black "Shubin, Kirill"]
[Result "0-1"]
[WhiteElo "2414"]
[BlackElo "2466"]
[Annotator "RC"]
[PlyCount "68"]
[EventDate "2021.04.21"]
[EventType "swiss"]
[EventCountry "RUS"]
[SourceTitle "playchess.com"]
[Source "ChessBase"]
[SourceQuality "1"]
[TimeControl "40/5400+30:1800+30"]

1. e4 {[%emt 0:00:00]} c5 {[%emt 0:00:00]} 2. Nf3 {[%emt 0:00:00]} Nc6 {[%emt 0:00:00]} 3. d4 {[%emt 0:00:15]} cxd4 {[%emt 0:00:00]} 4. Nxd4 {[%emt 0:00:03]} Qb6 {[%emt 0:00:00]} 5. Nb3 {[%emt 0:01:04]} Nf6 {[%emt 0:00:00]} 6. Nc3 {[%emt 0:02:06]} e6 {[%emt 0:00:00]} 7. Be3 {[%emt 0:05:19]} Qc7 {[%emt 0:00:14]} 8. a3 {[%emt 0:01:54]} a6 {[%emt 0:02:41]} 9. f4 {[%emt 0:08:29]} d6 {[%emt 0:00:34]} 10. Bd3 {[%emt 0:01:33]} b5 {[%emt 0:09:28]} 11. Qe2 {[%emt 0:09:56]} Be7 {[%emt 0:05:51]} 12. O-O {[%emt 0:00:15]} Bb7 {[%emt 0:02:44]} 13. Rae1 {[%emt 0:11:13]} O-O {[%emt 0:08:35]} 14. g4 {[%emt 0:05:24]} Nd7 {[%emt 0:05:25]} 15. Qf2 {[%emt 0:03:41]} b4 {[%emt 0:04:36]} 16. axb4 {[%emt 0:05:13]} Nxb4 {[%emt 0:00:17]} 17. g5 {[%emt 0:00:57]} Nc5 {[%emt 0:17:56]} 18. Nxc5 {[%emt 0:01:11]} dxc5 {[%emt 0:00:57]} 19. Bc4 {[%emt 0:00:17]} Rad8 {[%emt 0:05:22]} 20. b3 {[%emt 0:01:54]} Rd4 {[%emt 0:04:38]} 21. Bxd4 {[%emt 0:13:55]} cxd4 {[%emt 0:00:04]} 22. Na4 {[%emt 0:00:11]} Kh8 {[%emt 0:02:16]} 23. Nb2 {[%emt 0:06:21]} f5 {[%emt 0:00:10]} 24. gxf6 {[%emt 0:04:36]} gxf6 {[%emt 0:00:28]} 25. h3 {[%emt 0:03:44]} f5 {[%emt 0:02:23]} 26. Bxe6 {[%emt 0:02:06]} Nxc2 {[%emt 0:06:53]} 27. Bxf5 {[%emt 0:09:00]} Nxe1 {[%emt 0:09:54]} 28. Rxe1 {[%emt 0:00:17]} Qc3 {[%emt 0:00:27]} 29. Rd1 {[%emt 0:02:08]} Rxf5 {[%emt 0:02:34]} 30. exf5 {[%emt 0:00:04]} Qxh3 {[%emt 0:00:04]} 31. Qxd4+ {[%emt 0:00:38]} Kg8 {[%emt 0:00:04]} 32. Qc4+ {[%emt 0:01:42]} Kf8 {[%emt 0:00:05]} 33. Rd8+ {[%emt 0:01:02]} Bxd8 {[%emt 0:00:04]} 34. Qb4+ {[%emt 0:00:00]} Be7 {[%emt 0:00:03]} 0-1